|
|
|
|
| LEADER |
00753nab a2200181 i 4500 |
| 001 |
misc8330 |
| 005 |
20191106143922.0 |
| 008 |
170607s1907 hu o 0|| hun d |
| 022 |
|
|
|a 0025-0260
|
| 040 |
|
|
|a SZTE Miscellanea Repozitórium
|b hun
|
| 041 |
|
|
|a hun
|
| 100 |
1 |
|
|a Weszely Ödön
|
| 245 |
1 |
2 |
|a A paedagógia [pedagógia] és pszichológia viszonya
|h [elektronikus dokumentum] :
|b első közlemény /
|c Weszely Ödön
|
| 260 |
|
|
|c 1907
|
| 300 |
|
|
|a 449-456
|
| 490 |
0 |
|
|a Magyar pedagógia : a Magyar Tudományos Akadémia Pedagógiai Bizottságának folyóirata
|v 16
|
| 695 |
|
|
|a Pedagógia magyar 1907, Pszichológia magyar 19-20. sz., Pedagógia és pszichológia
|
| 856 |
4 |
0 |
|u http://misc.bibl.u-szeged.hu/8330/1/mp_1907_1228_449-456.pdf
|z Dokumentum-elérés
|